000 00489nam a2200157 i 4500
001 24424
003 ES-MaACL
005 20230906153039.0
007 t|
008 021217s1972 sp ||||1| spa d
100 1 _aAnastasio del Santísimo Rosario.
_921380
245 1 0 _aTiempos litúrgicos y vida religiosa
_b: retiros y reflexiones /
_cAnastasio del Santísimo Rosario.
260 _aBilbao :
_bMensajero,
_c[1972]
300 _a238 p. ;
_c20 cm.
852 _aES-MaACL
_jC-51170
_bR.82710
999 _c24424
_d24424